Haiti First Level Subdivisions - Statistics

General Stats
  • This quiz has been taken 163 times
  • The average score is 8 of 10
Answer Stats
Départements % Correct
North
100%
South
100%
North-West
94%
North-East
91%
West
91%
South-East
90%
Grand'Anse
57%
Artibonite
55%
Nippes
51%
Center
48%
No matching quizzes found
Score Distribution
Percent of People with Each Score
Percentile by Number Answered
Your Score History
You have not taken this quiz